| 000 | 003170000a22001090004500 | ||
|---|---|---|---|
| 100 | 1 | _aAmmicht Quinn, Regina | |
| 245 | 1 | 0 | _aNo se rían... la iglesia puede cambiar |
| 300 | _aVol.314, núm.314 (Febrero, 2006), Páginas 15-20 | ||
| 500 | _aSubtítulo : Iglesia, cultura y absurdo | ||
| 773 | 0 | _tConcilium | |
| 942 | _cANA | ||
| 999 |
_c61233 _d61233 |
||